Woof finds a family / (Record no. 105777)
[ view plain ]
| 000 -LEADER | |
|---|---|
| fixed length control field | 00395nam a2200145 a 4500 |
| 005 - DATE AND TIME OF LATEST TRANSACTION | |
| control field | 20140412111414.0 |
| 008 - FIXED-LENGTH DATA ELEMENTS--GENERAL INFORMATION | |
| fixed length control field | 070703s19uu xx 00 eng d |
| 020 ## - INTERNATIONAL STANDARD BOOK NUMBER | |
| International Standard Book Number | 0-8499-8345-2 |
| 050 ## - LIBRARY OF CONGRESS CALL NUMBER | |
| Classification number | ER |
| Item number | Wo87 1989 |
| 100 ## - MAIN ENTRY--PERSONAL NAME | |
| Personal name | Dobson, Danae |
| 245 ## - TITLE STATEMENT | |
| Title | Woof finds a family / |
| Statement of responsibility, etc | Danae Dobson. |
| 260 ## - PUBLICATION, DISTRIBUTION, ETC. (IMPRINT) | |
| Place of publication, distribution, etc | London : |
| Name of publisher, distributor, etc | Word publication, |
| Date of publication, distribution, etc | 1989. |
| 440 ## - SERIES STATEMENT/ADDED ENTRY--TITLE | |
| Title | Read with me adventure |
| Withdrawn status | Lost status | Damaged status | Home library | Current library | Shelving location | Date acquired | Source of acquisition | Total Checkouts | Full call number | Barcode | Date last seen | Price effective from | Koha item type |
|---|---|---|---|---|---|---|---|---|---|---|---|---|---|
| Elizalde Library | Elizalde Library | Easy Reading Section | 07/03/2007 | ER Wo87 1989 | E10654 | 04/12/2014 | 04/12/2014 | Books |